Normal view
MARC view
Entry Corporate Name
001 - CONTROL NUMBER
- control field: 901656
003 - CONTROL NUMBER IDENTIFIER
- control field:
005 - DATE AND TIME OF LATEST TRANSACTION
- control field: 20210627092829.0
008 - FIXED-LENGTH DATA ELEMENTS
- fixed length control field: 210627|| aca||aabn | a|a d
040 ## - CATALOGING SOURCE
- Original cataloging agency:
- Transcribing agency:
110 ## - HEADING--CORPORATE NAME
- Corporate name or jurisdiction name as entry element: India.
- Subordinate unit: Department of Atomic Energy.
- Subordinate unit: Atomic Energy Establishment (Trombay, India)
670 ## - SOURCE DATA FOUND
- Source citation: Work cat.: ()774420: Karkhanavola , M. D. 901655, Principles of Crystal Chemistry and their applications to some problems in solid state Chemistry /, 1965
